000 00686nam a2200229Ia 4500
008 101110s9999 xx 000 0 und d
041 _aMARATHI
082 _bJR6104
100 _aHota Bijyalakshmi, Talnikar Prashant (Anuvad)
245 _aSarva vayogatansathi yogsadhana aani dhyandharana
260 _c2007
_bMehata publication house,Pune
300 _a72
365 _b70
520 _acommerce
520 _aGowande sir Interest & expenditure/2008-09
546 _aMARATHI
630 _aSarva vayogatansathi yogsadhana aani dhyandharana
650 _acommerce
655 _acommerce
730 _aSarva vayogatansathi yogsadhana aani dhyandharana
942 _cBOOK
999 _c796897
_d796894